Migrációs modellek

Elmentve itt :
Bibliográfiai részletek
Szerző: Groma Géza László
További közreműködők: Pluhár András (Témavezető)
Dokumentumtípus: Szakdolgozat
Megjelent: 2007-06-08
Tárgyszavak:
Online Access:http://diploma.bibl.u-szeged.hu/3041
LEADER 00805nta a2200181 i 4500
001 dipl3041
005 20130314072137.0
008 110422s2007 hu om 0|| hun d
040 |a SZTE Diploma Repozitórium  |b hun 
041 |a hun 
100 1 |a Groma Géza László 
245 1 0 |a Migrációs modellek  |h [elektronikus dokumentum] /  |c Géza László Groma 
260 |c 2007-06-08 
650 4 |a Informatika 
700 1 |a Pluhár András  |e ths 
856 4 0 |u http://diploma.bibl.u-szeged.hu/id/eprint/3041/1/2007_groma_geza_laszlo_07_39_szakdolgozat.pdf  |z Dokumentum-elérés  
856 4 0 |u http://diploma.bibl.u-szeged.hu/id/eprint/3041/2/2007_groma_geza_laszlo_07_39_melleklet.tgz  |z Dokumentum-elérés  
856 4 0 |u http://diploma.bibl.u-szeged.hu/id/eprint/3041/3/2007_groma_geza_laszlo_07_39_biralat.pdf  |z Dokumentum-elérés